| Tag |
First Indicator |
Second Indicator |
Subfields |
| LEADER |
00000cgm a2200000 a 4500 |
| 001 |
in00000032079 |
| 005 |
20151007055032.0 |
| 007 |
vf cbaho| |
| 008 |
870915p19871986cau093 g 0000vleng d |
| 035 |
|
|
|a (OCoLC)16686093
|
| 035 |
|
|
|9 AAB7043AM
|
| 040 |
|
|
|a TMN
|c TMN
|d TXA
|d UtOrBLW
|
| 049 |
|
|
|a TXAV [A10161237]
|
| 090 |
|
|
|a PN1997
|b .W66 1987
|
| 245 |
0 |
0 |
|a Working girls /
|c Miramax Films ; produced by Lizzie Borden and Andi Gladstone ; directed by Lizzie Borden; screenplay by Lizzie Borden with Sandra Kay.
|
| 264 |
|
1 |
|a Los Angeles, CA :
|b Charter Entertainment,
|c [1987?]
|
| 300 |
|
|
|a 1 videocassette (93 min.) :
|b sound, color ;
|c 1/2 in.
|
| 336 |
|
|
|a two-dimensional moving image
|b tdi
|2 rdacontent
|
| 337 |
|
|
|a video
|b v
|2 rdamedia
|
| 338 |
|
|
|a videocassette
|b vf
|2 rdacarrier
|
| 538 |
|
|
|a VHS.
|
| 511 |
1 |
|
|a Louise Smith, Ellen McElduff, Amanda Goodwin, Marusia Zach, Janne Peters, Helen Nicholas.
|
| 508 |
|
|
|a Director of photography, Judy Irola ; editor, Lizzie Borden.
|
| 500 |
|
|
|a Videocassette release of the 1986 motion picture.
|
| 520 |
|
|
|a The acclaimed controversial look by independent filmmaker Borden into the everyday lives of modern brothel prostitutes, concentrating on the realistic details of the profession. The docudrama centers on a prostitute who is a Yale graduate and aspiring photographer living with a female lover.
|
| 500 |
|
|
|a "90204."
|
| 500 |
|
|
|a Videorecording.
|
| 650 |
|
0 |
|a Feature films.
|
| 700 |
1 |
|
|a Smith, Louise.
|
| 700 |
1 |
|
|a McElduff, Ellen.
|
| 700 |
1 |
|
|a Goodwin, Amanda.
|
| 710 |
2 |
|
|a Miramax Films.
|
| 710 |
2 |
|
|a Charter Entertainment (Firm)
|
| 999 |
|
|
|a MARS
|
| 999 |
f |
f |
|s 55f115f4-c7d1-3fd1-86af-c9ec508798f8
|i 30fea619-6f69-3dae-8ae3-19951adeb7a1
|t 0
|
| 952 |
f |
f |
|a Texas A&M University
|b College Station
|c Sterling C. Evans Library
|d Evans: Media and Reserves (Annex 1st floor)
|t 0
|e PN1997 .W66 1987
|h Library of Congress classification
|
| 998 |
f |
f |
|a PN1997 .W66 1987
|t 0
|l Evans: Media and Reserves (Annex 1st floor)
|